Statistics for Rainbow Six Siege - Competitive Ranks

Click here to take the quiz!

General Stats

  • This quiz has been taken 3,310 times
  • The average score is 16 of 20

Answer Stats

Rank% Correct
Silver 1
87%
Silver 2
87%
Bronze 1
86%
Copper 1
86%
Copper 2
86%
Copper 3
86%
Gold 1
86%
Silver 3
86%
Bronze 2
85%
Bronze 3
85%
Gold 2
85%
Gold 3
85%
Bronze 4
84%
Copper 4
84%
Silver 4
84%
Gold 4
81%
Diamond
78%
Platinum 1
69%
Platinum 2
67%
Platinum 3
67%

Score Distribution

Percentile by Number Answered

Percent of People with Each Score

Your Score History

You have not taken this quiz